[Event "Groningen Atlantis Promo2"]
[Site "Groningen"]
[Date "2011.08.14"]
[Round "7"]
[White "Mellema, Andries"]
[Black "Hartog, Frank"]
[Result "1-0"]
[WhiteElo "2131"]
[BlackElo "1977"]
[PlyCount "59"]
[EventDate "2011.08.08"]
[EventType "tourn"]
[EventRounds "9"]
[EventCountry "NED"]
[SourceTitle "CBM 143 Extra"]
[Source "ChessBase"]
[SourceDate "2011.08.29"]
[SourceVersion "1"]
[SourceVersionDate "2011.08.29"]
[SourceQuality "1"]

1. e4 c5 2. Nf3 d6 3. Nc3 Nf6 4. d4 cxd4 5. Nxd4 a6 6. h3 e6 7. g4 d5 8. exd5 Nxd5 9. Nde2 Bb4 10. Bg2 0-0 11. 0-0 Nxc3 12. Nxc3 Qc7 13. Ne4 Rd8 14. Bf4 Qe7 15. Qf3 Nc6 16. c3 Ba5 17. Bg5 f6 18. Nxf6+ gxf6 19. Bxf6 Qf7 20. Bxd8 Bxd8 21. Qd3 Bd7 22. Rad1 Be8 23. Rfe1 Bh4 24. Rxe6 Qxf2+ 25. Kh1 Rd8 26. Rd6 Rxd6 27. Qxd6 Bg3 28. Qd5+ Bf7 29. Qg5+ Bg6 30. Rf1 1-0

[Event "Groningen Atlantis Promo2"]
[Site "Groningen"]
[Date "2011.08.12"]
[Round "5"]
[White "Van Foreest, Jorden"]
[Black "Hartog, Frank"]
[Result "1/2-1/2"]
[WhiteElo "2097"]
[BlackElo "1977"]
[PlyCount "62"]
[EventDate "2011.08.08"]
[EventType "tourn"]
[EventRounds "9"]
[EventCountry "NED"]
[SourceTitle "CBM 143 Extra"]
[Source "ChessBase"]
[SourceDate "2011.08.29"]
[SourceVersion "1"]
[SourceVersionDate "2011.08.29"]
[SourceQuality "1"]

1. e4 c5 2. Nf3 d6 3. d4 cxd4 4. Nxd4 Nf6 5. Nc3 a6 6. Bg5 e6 7. f4 Nbd7 8. Qf3 Qc7 9. 0-0-0 b5 10. Bd3 Bb7 11. Rhe1 Qb6 12. Nb3 Rc8 13. f5 Ne5 14. Qh3 b4 15. Bxf6 gxf6 16. Ne2 Nxd3+ 17. Qxd3 e5 18. Ng3 a5 19. Nh5 Ke7 20. Qh3 Qc7 21. Qd3 Ba6 22. Nxf6 Kxf6 23. Qd2 h5 24. Kb1 Bh6 25. Qxd6+ Kg7 26. Qxa6 Qxc2+ 27. Ka1 Rhd8 28. Rb1 a4 29. Qxa4 Ra8 30. Qxb4 Rdb8 31. Qc3 Qxb3 1/2-1/2

[Event "Enschede op-C U14"]
[Site "Enschede"]
[Date "2009.08.04"]
[Round "2"]
[White "Bravo, Fabio"]
[Black "Hartog, Frank"]
[Result "1-0"]
[WhiteElo "1876"]
[BlackElo "1643"]
[PlyCount "33"]
[EventDate "2009.08.03"]
[EventType "swiss"]
[EventRounds "7"]
[EventCountry "NED"]
[SourceTitle "CBM 132 Extra"]
[Source "ChessBase"]
[SourceDate "2009.11.03"]
[SourceVersion "1"]
[SourceVersionDate "2009.11.03"]
[SourceQuality "1"]

1. e4 c5 2. Nf3 d6 3. d4 cxd4 4. Nxd4 Nf6 5. Nc3 a6 6. Be2 e5 7. Nb3 Be7 8. a4 Be6 9. Be3 Nbd7 10. 0-0 0-0 11. f4 Qc7 12. Kh1 Rfd8 13. Qe1 Bc4 14. Rf3 d5 15. Bxc4 Qxc4 16. exd5 Nxd5 17. Na5 1-0

[Event "Twente Young Master op-D"]
[Site "Twente"]
[Date "2007.08.10"]
[Round "10"]
[White "Lagaert, Lisa"]
[Black "Hartog, Frank"]
[Result "1-0"]
[WhiteElo "600"]
[BlackElo "1337"]
[PlyCount "75"]
[EventDate "2007.08.06"]
[EventType "swiss"]
[EventRounds "13"]
[EventCountry "NED"]
[SourceTitle "EXT 2008"]
[Source "ChessBase"]
[SourceDate "2007.11.25"]
[SourceVersion "1"]
[SourceVersionDate "2007.11.25"]
[SourceQuality "1"]

1. d4 f5 2. Nf3 e6 3. e3 Nf6 4. Bd3 Be7 5. Nbd2 Nc6 6. 0-0 d6 7. Qe2 e5 8. dxe5 dxe5 9. e4 f4 10. h3 0-0 11. Bb5 Bd7 12. Bxc6 Bxc6 13. Nxe5 Qd6 14. Qc4+ Kh8 15. Nf7+ Rxf7 16. Qxf7 Rf8 17. Qc4 a6 18. Re1 Nd7 19. Qd3 Qe6 20. Nb3 f3 21. Nd4 Qf6 22. Nxf3 Ne5 23. Qe3 b6 24. Nxe5 Qxe5 25. Qe2 Bb5 26. Qg4 Qc5 27. Be3 Qxc2 28. Rad1 Bf6 29. Rd2 Qc6 30. Red1 Qc4 31. a3 Qb3 32. Bd4 Bxd4 33. Rxd4 Qxb2 34. Rd8 Rg8 35. Rxg8+ Kxg8 36. Qf4 g6 37. Rd8+ Kg7 38. Qf8# 1-0